| 000 | 00592nam a2200205Ia 4500 | ||
|---|---|---|---|
| 005 | 20250508160459.0 | ||
| 008 | 008 250505s9999 xx 000 0 eng d | ||
| 020 | _a8389-0015-1 | ||
| 037 | _aTextual | ||
| 040 |
_aFEDL _beng _cFEDL |
||
| 041 |
_aeng _2eng |
||
| 084 |
_a025.8, BAR _qFEDL |
||
| 100 | _aBarden Bertha R | ||
| 245 | 0 | _aBook numbers: A manual for students with a basic code of rules | |
| 260 |
_aChicago, USA _bAmerican Library Association _c1937 |
||
| 300 | _a31p | ||
| 650 | _aLibrary Science | ||
| 942 |
_cTEXL _h025.8, BAR |
||
| 999 |
_c1364878 _d1364878 |
||